| 000 | 00344nam a2200133Ia 4500 | ||
|---|---|---|---|
| 008 | 240624s9999 xx 000 0 und d | ||
| 041 | _aeng | ||
| 082 | _a658.4092 CHO | ||
| 100 | _aCHOPRA DEEPAK | ||
| 245 | _aSOUL OF LEADERSHIP UNLOCKING YOUR POTENT | ||
| 260 |
_c2011 _aNew Delhi _bRandom House India |
||
| 300 | _a224 : p. | ||
| 365 |
_cRS _b25 |
||
| 999 |
_c17296 _d17296 |
||